FAQ'S FRONT OFFICE (Record no. 21075)
[ view plain ]
| 000 -LEADER | |
|---|---|
| fixed length control field | 00294nam a22001337a 4500 |
| 003 - CONTROL NUMBER IDENTIFIER | |
| control field | SGT |
| 020 ## - INTERNATIONAL STANDARD BOOK NUMBER | |
| International Standard Book Number | 978-81-8204-105-9 |
| 082 ## - DEWEY DECIMAL CLASSIFICATION NUMBER | |
| Classification number | 651.3 |
| Item number | SEX |
| 100 ## - MAIN ENTRY--PERSONAL NAME | |
| Personal name | SEXSENA, SANJAY KUMAR |
| 245 ## - TITLE STATEMENT | |
| Title | FAQ'S FRONT OFFICE |
| 260 ## - PUBLICATION, DISTRIBUTION, ETC. (IMPRINT) | |
| Place of publication, distribution, etc | DELHI |
| Name of publisher, distributor, etc | AMAN PUB. |
| Year of Publication | 2020 |
| 300 ## - PAGE DESCRIPTION | |
| No. of Pages | 122 |
| 942 ## - ADDED ENTRY ELEMENTS (KOHA) | |
| Source of classification or shelving scheme | Dewey Decimal Classification |
| Koha item type | Books |
| 942 ## - ADDED ENTRY ELEMENTS (KOHA) | |
| -- | 5 |
| Withdrawn status | Lost status | Source of classification or shelving scheme | Damaged status | Not for loan | Collection code | Home library | Current library | Shelving location | Date acquired | Vendor Name | Cost, normal purchase price | SGTU | Bill Number | Total Checkouts | Full call number | Accession No. (Barcode) | Date last seen | Date last borrowed | Bill Date | Koha item type |
|---|---|---|---|---|---|---|---|---|---|---|---|---|---|---|---|---|---|---|---|---|
| Dewey Decimal Classification | HOTEL MANAGEMENT | SGT Science & Social Sciences Library | SGT Science & Social Sciences Library | Text Book | 26/04/2021 | JINDAL | 225.00 | SGTU | 2230 | 3 | 651.3 SEX | HM1193 | 28/06/2025 | 17/07/2024 | 24/03/2021 | Books | ||||
| Dewey Decimal Classification | HOTEL MANAGEMENT | SGT Science & Social Sciences Library | SGT Science & Social Sciences Library | Text Book | 26/04/2021 | JINDAL | 225.00 | SGTU | 2230 | 1 | 651.3 SEX | HM1194 | 27/11/2024 | 29/10/2024 | 24/03/2021 | Books | ||||
| Dewey Decimal Classification | HOTEL MANAGEMENT | SGT Science & Social Sciences Library | SGT Science & Social Sciences Library | Text Book | 26/04/2021 | JINDAL | 225.00 | SGTU | 2230 | 2 | 651.3 SEX | HM1195 | 27/08/2022 | 25/07/2022 | 24/03/2021 | Books |